000 01021nam0a2200337 i 4500
001 RU\NLR\BIBL_A\011211011
005 20240921180615.0
010 _a9785699902279
_95000
021 _aRU
_b2016-65383
_94182
035 _a(NILC)RuMoRGB-008597389
035 _a(NLR Aleph) 011211011
090 _a11972456
_c11972456
100 _a20160909d2016 u y0rusy50 ca
101 0 _arus
102 _aRU
105 _ay|||z|||000ay
200 1 _aНекромант-самоучка, или Смертельная оказия
_fАрдмир Мари
210 _aМосква
_cЭ
_d2016
215 _a413, [1] с.
_d21
225 1 _aАкадемия Магии
333 _a16+
517 1 _aСмертельная оказия
686 2 _aШ6(2=Р)8-445
700 1 _aМари
_bА.
_gАрдмир
_9164514
_3RU\NLR\AUTH\770164558
801 0 _aRU
_bРГБ
_c20160823
_gRCR
801 2 _aRU
_bРГБ
_c20160824
_grcr
942 _cBOOK
980 _aNBR